Responses for Show #3130 - Friday, March 20, 1998

Contestants

[<< previous game]

Carol Tierney, a program manager originally from Cambridge, Massachusetts

Boze Hadleigh, a writer from Beverly Hills, California

Jeff Chrzanowski, a computer engineer originally from Marlton, New Jersey (whose 1-day cash winnings total $3,199)

[next game >>]

Jeopardy! Round responses

"TOMORROW"
(Alex: Tomorrow is Saturday, so we'll deal with...)
SATURDAY MORNING CARTOONS
SATURDAY AFTERNOON AT THE MOVIES
THE SATURDAY EVENING POST
SATURDAY NIGHT ON THE TOWN
THE SEVENTH-DAY ADVENTISTS
    $100 2
(Disneyland's) Tomorrowland

Jeff
    $100 1
Scooby-Doo

Boze
    $100 10
Star Wars

Carol
    $100 20
Charles Schulz

Jeff
    $100 14
He rested

Carol
    $200 3
Will you still love me tomorrow?

Jeff
    $200 4
Fat Albert

Jeff
    $200 11
Nicolas Cage

Jeff
    $200 21
your horse

Carol
    $200 15
pork

Jeff
    $300 16
Tomorrow is another day

Boze
    $300 5
the Teenage Mutant Ninja Turtles

Jeff
    $300 12
Austin Powers

Carol
    $300 23
Norman Rockwell

Carol
    $300 22
a tithe

Carol
    $400 7
the sun will come out tomorrow

Boze
    $400 6
Punky Brewster

Boze
    $500 13
(Carol: Who is Fu Manchu?)
...
(Alex: A cool guy. You notice that hairdo? I want one just like that. Maybe we can work on it during the commercial break.)

Ming the Merciless

Carol
    $400 24
Benjamin Franklin

Jeff
    $400 27
[The end-of-round signal sounds.]

Munich

Jeff
    $400 17
(Carol: Who is Jerry Lee Lewis?)

Little Richard

BozeCarol
    $500 8
never put off till tomorrow what you can do today

Boze
    $500 9
Magilla Gorilla

Boze
    $500 19
Sinbad

Jeff
    $500 25
(Carol: Who is Mr. Moto?)

Charlie Chan

BozeCarol
    $500 26
Santo Domingo

Carol
    $500 18
the Davidians

Jeff

Scores at the first commercial break (after clue 13):

Jeff Boze Carol
$1,000 $1,900 -$100

Scores at the end of the Jeopardy! Round:

Jeff Boze Carol
$3,100 $3,100 $400

Double Jeopardy! Round responses

PHYSICS 101
THE 19th CENTURY
CALIFORNIA HERE I COME FILMS
CITY FOLK
THEY'RE NOT IN KANSAS ANY MORE
AIN'T THAT "GRAND"
    $200 1
mechanics

Carol
    $200 7
(Jeff: What is the Erie Canal?)

the Suez Canal

JeffBoze
    $200 6
residents of Hamburg

Carol
    $200 22
Amelia Earhart

Carol
    $200 9
Grand Central Station

Boze
    $400 2
a pole

Carol
    $400 13
the Ottoman Empire

Boze
    $400 28
[The end-of-round signal sounds.]

The Cannonball Run

Jeff
    $400 16
Palermo residents

Jeff
    $400 8
the Grand Old Party

Jeff
    $600 3
(Jeff: What is compress?)
(Carol: Um, what is... [no response].)

they flow

JeffCarol
Triple Stumper
    $600 20
Pat Garrett

Boze
    $3,000 27
(Alex: You are right, from The Grapes of Wrath, starring Henry Fonda.)

the Joad Family

Boze
    $600 15
residents of Madrid

Jeff
    $600 19
Bob Dole

Carol
    $600 11
the Grand Tour

Carol
    $800 4
entropy

Carol
    $1,900 14
(Boze: Who was George Washington?)
...
(Alex: It wasn't limited to the United States.)

Queen Victoria

Boze
    $800 26
Boys on the Side

Boze
    $800 17
Damascus residents

Jeff
    $800 23
(Alex: Right! Sometimes the magic works.)

Dodge City

Carol
    $800 10
the Grand Canal

Jeff
    $1000 5
an insulator

Jeff
    $1000 21
(Boze: What is the Louisiana Purchase?)

the Gadsden Purchase

JeffBoze
    $1000 25
Marilyn Monroe

Boze
    $1000 18
residents of Warsaw

Boze
    $1000 24
Damon Runyon

Boze
    $1000 12
a grandmaster (in chess)

Jeff

Scores at the end of the Double Jeopardy! Round:

Jeff Boze Carol
$8,700 $8,400 $3,600

[wagering suggestions for these scores]

Final Jeopardy! Round responses

FINANCE HISTORY
CarolWhat is buffalo?
$3,000
BozeWhat is a bear?
$8,000
JeffWhat is sheep?
$8,101
a bear

Final scores:

Jeff Boze Carol
$599 $16,400 $600
3rd place: Ellesse Swiss-crafted sports watch New champion: $16,400 2nd place: Intel Create & Share Camera Pack software, Intel 300 MHz P2 PC, and Bush telescoping desk

Game dynamics:

Coryat scores:

Jeff Boze Carol
$8,700 $7,900 $4,100
20 R,
2 W
17 R
(including 1 DD),
2 W
(including 1 DD)
15 R,
4 W
(including 1 DD)

Combined Coryat: $20,700

[game clues] [game scores] [suggest correction]

Game tape date: Unknown
The J! Archive is created by fans, for fans. Scraping, republication, monetization, and malicious use prohibited; this site may use cookies and collect identifying information. See terms. The Jeopardy! game show and all elements thereof, including but not limited to copyright and trademark thereto, are the property of Jeopardy Productions, Inc. and are protected under law. This website is not affiliated with, sponsored by, or operated by Jeopardy Productions, Inc. Join the discussion at JBoard.tv.